Mal de ciudad / (Record no. 136831)

MARC details
000 -LEADER
campo de control de longitud fija 00545nam a2200193 4500
001 - NÚMERO DE CONTROL
campo de control 136831
003 - IDENTIFICADOR DE NÚMERO DE CONTROL
campo de control ES-MaACL
005 - FECHA Y HORA DE LA ÚLTIMA TRANSACCIÓN
campo de control 20230906195234.0
007 - CAMPO FIJO DE DESCRIPCIÓN FÍSICA--INFORMACIÓN GENERAL
campo de control de longitud fija t|
008 - DATOS DE LONGITUD FIJA--INFORMACIÓN GENERAL
campo de control de longitud fija 070214s1944 ag r ||||1| spa d
100 1# - ENTRADA PRINCIPAL--NOMBRE DE PERSONA
Nombre de persona Sagües, Isidoro.
9 (RLIN) 101463
245 10 - MENCIÓN DEL TÍTULO
Título Mal de ciudad /
Mención de responsabilidad, etc. Isidoro Sagües.
260 ## - PUBLICACIÓN, DISTRIBUCIÓN, ETC.
Lugar de publicación, distribución, etc. Buenos Aires :
Nombre del editor, distribuidor, etc. Losada,
Fecha de publicación, distribución, etc. 1944.
300 ## - DESCRIPCIÓN FÍSICA
Extensión 245 p. ;
Dimensiones 21 cm.
490 1# - MENCIÓN DE SERIE
Mención de serie Novelistas de España y América
830 0# - PUNTO DE ACCESO ADICIONAL DE SERIE-TÍTULO UNIFORME
Título uniforme Novelistas de España y América
9 (RLIN) 185060
852 ## - LOCALIZACIÓN
Ubicación ES-MaACL
Número de control de estantería D-5410
Sublocalización o colección R.30724
Holdings
Estatus retirado Estado de pérdida Estado de daño No para préstamo Biblioteca de origen Biblioteca actual Ubicación en estantería Fecha de adquisición Fuente de adquisición Total de préstamos Signatura topográfica completa Código de barras Visto por última vez Precio de reemplazo Tipo de ítem Koha
        Biblioteca del Ateneo de Madrid Biblioteca del Ateneo de Madrid Sala Valle Inclán 17/01/2008     D-5410 901142399 23/02/2023 23/02/2023 Libro impreso